Central Library OPAC University of Rajshahi
Normal view MARC view

Entry Personal Name

Number of records used in: 1

001 - CONTROL NUMBER

  • control field: 8910

003 - CONTROL NUMBER IDENTIFIER

  • control field: BD-RjUL

005 - DATE AND TIME OF LATEST TRANSACTION

  • control field: 20230911120543.0

008 - FIXED-LENGTH DATA ELEMENTS

  • fixed length control field: 230911|| aca||aabn | a|a d

040 ## - CATALOGING SOURCE

  • Original cataloging agency: BD-RjUL
  • Transcribing agency: BD-RjUL

100 ## - HEADING--PERSONAL NAME

  • Personal name: Āg̲h̲ā Ḥashr Kāshmīrī,
  • Dates associated with a name: 1879-1935
  • General subdivision: Criticism, interpretation

670 ## - SOURCE DATA FOUND

  • Source citation: Work cat.: (BD-RjUL)81893: بدر امر الهوى٫ محمد طفىل احمد ;; Badr Amr Al-Haway,. Muhammad Tufail Ahmad 8909, تجلىات حشر : تاجدار فن فلسفى اعظم شکسپىئر هند آغا حشر کاشمىرى کے افکار عالىه / Tajalliyāt-i Ḥashr : tājdār-i fann-i falsafī-i aʻẓam-i Shakspīʼar-i Hind Āg̲h̲ā Ḥashr Kāshmīrī ke afkār-i ʻāliyah, [195?]